000 00572nam a2200217Ia 4500
003 OSt
005 20230327113212.0
008 210423s2007 xx 000 0 und d
020 _a8174732845
040 _cAL
041 _aeng
082 _a615.19
_223
_bWORL
100 _aWORLD HEALTH ORGANIZATION.
_978293
245 _aQuality assurance of pharmaceuticals.V1.
260 _aNew Delhi
_bA I T B S Publications
_c2007
300 _a236
_bPB
365 _b295
_cINR
440 _v1
906 _a1. ; assurance ; pharmaceuticals.Vol ; Quality
942 _2ddc
_cBK
999 _c154140
_d154140